The bedford introduction to drama/ (Record no. 3372)
[ view plain ]
| 000 -LEADER | |
|---|---|
| fixed length control field | 00599nam a2200181 4500 |
| 008 - FIXED-LENGTH DATA ELEMENTS--GENERAL INFORMATION | |
| fixed length control field | 160713b xxu||||| |||| 00| 0 eng d |
| 020 ## - INTERNATIONAL STANDARD BOOK NUMBER | |
| International Standard Book Number | 0312066554 |
| 082 ## - DEWEY DECIMAL CLASSIFICATION NUMBER | |
| Edition number | 1993 |
| Classification number | DC 808.82 |
| Item number | J15b |
| 100 ## - MAIN ENTRY--PERSONAL NAME | |
| 9 (RLIN) | 11238 |
| Personal name | Jacobus, Lee A. |
| 245 ## - TITLE STATEMENT | |
| Title | The bedford introduction to drama/ |
| Statement of responsibility, etc. | Lee A. Jacobus. |
| 250 ## - EDITION STATEMENT | |
| Edition statement | 2nd Edition |
| 260 ## - PUBLICATION, DISTRIBUTION, ETC. (IMPRINT) | |
| Place of publication, distribution, etc. | Boston: |
| Name of publisher, distributor, etc. | Bedford Books of St. Martin's Press, |
| Date of publication, distribution, etc. | c1993. |
| 300 ## - PHYSICAL DESCRIPTION | |
| Extent | xviii, 1435 pages: |
| Other physical details | illustrations; |
| Dimensions | 24 cm. |
| 500 ## - GENERAL NOTE | |
| General note | Includes glossary and bibliographical references. |
| 650 #0 - SUBJECT ADDED ENTRY--TOPICAL TERM | |
| 9 (RLIN) | 11240 |
| Topical term or geographic name as entry element | Drama |
| General subdivision | Technique |
| 650 #0 - SUBJECT ADDED ENTRY--TOPICAL TERM | |
| 9 (RLIN) | 11241 |
| Topical term or geographic name as entry element | Theater |
| 942 ## - ADDED ENTRY ELEMENTS (KOHA) | |
| Source of classification or shelving scheme | Dewey Decimal Classification |
| Koha item type | Circulation |
| Withdrawn status | Lost status | Source of classification or shelving scheme | Damaged status | Not for loan | Collection code | Home library | Current library | Date acquired | Source of acquisition | Total Checkouts | Full call number | Barcode | Date last seen | Date last checked out | Copy number | Price effective from | Koha item type |
|---|---|---|---|---|---|---|---|---|---|---|---|---|---|---|---|---|---|
| Dewey Decimal Classification | Circulation | UM Digos College - LIC | UM Digos College - LIC | 08/09/2003 | Purchased | 6 | DC 808.82 J15b 1993 | 15350 | 05/15/2025 | 09/21/2017 | 1 | 07/13/2016 | Circulation |
